Villes des Côtes d'Armor en Images - Statistiques

Statistiques générales
  • Ce quiz a été pris 131 fois
    128 depuis la dernière actualisation
  • Le résultat moyen est 9 sur 18
Statistiques - réponses
Par images Hint Réponse % Correct
S-B Saint-Brieuc
97%
D Dinan
90%
G Guingamp
90%
P-G Perros-Guirec
87%
L Lannion
85%
P Paimpol
70%
L Lamballe
62%
E Erquy
61%
Q Quintin
48%
T Tréguier
43%
G / M Guerledan / Mûr-de-Bretagne
32%
L Loudeac
32%
J Jugon-les-lacs
30%
P Pontrieux
27%
C Carnoët
15%
Q Quessoy
13%
B Bon Repos sur Blavais
11%
P Pleubian
10%
Aucun quiz correspondant
Distribution des résultats
% des personnes avec chaque résultat
Percentile par nombre de réponses
Votre historique - résultats
Vous n’avez pas pris ce quiz depuis la dernière actualisation